| 000 | 00000cas 2200000za 4500 |
| 001 | 9.507830 |
| 003 | CaOODSP |
| 005 | 20221107133830 |
| 007 | cr ||||||||||| |
| 008 | 150406c20139999oncar p o||||f0 a0eng|d |
| 040 | |aCaOODSP|beng |
| 043 | |an-cn-on |
| 086 | 1 |aSG3-8E-PDF |
| 245 | 00|aEnvironmental scan. |pOntario region |h[electronic resource]. |
| 260 | |a[Ottawa] : |bService Canada, |c[2013]- |
| 310 | |aAnnual,|b2014- |
| 321 | |aBiannual,|b2013 |
| 362 | 1 |aBegan with March 2013. |
| 500 | |aIssued aslo in French under title: Analyse environnementale. Région de l'Ontario. |
| 500 | |aCover title. |
| 692 | 07|2gccst|aLabour market |
| 710 | 1 |aCanada. |bService Canada. |
| 775 | 08|tAnalyse environnementale. |w(CaOODSP)9.504211 |